000 01009cam a2200277 a 4500
001 4951259
003 NUST-PNEC
005 20170116180740.0
008 960422s1996 maua 001 0 eng
010 _a 96140262
020 _a012394970X
040 _cPNEC
050 0 0 _aT385
_b.K347 1996
082 _a006.6 KAL
100 1 _aKalwick, David J.
245 1 0 _a3D graphics : tips, tricks & techniques /
_cDavid J. Kalwick.
260 _aBoston :
_bAP Professional,
_cc1996.
300 _axiv, 478 p. :
_bill. ;
_c24 cm.
500 _aIncludes index.
650 0 _aComputer graphics.
_xMIS, Computer
856 _uhttp://www.amazon.com/3D-Graphics-Tips-Tricks-Techniques/dp/012394970X/ref=sr_1_1?s=books&ie=UTF8&qid=1418512637&sr=1-1&keywords=012394970X
906 _a7
_bcbc
_corignew
_d2
_encip
_f19
_gy-gencatlg
942 _2ddc
_cBK
999 _c62167
_d62167